000 00657nam a2200241Ia 4500
003 OSt
005 20220918184103.0
006 a|||||r|||| 00| 0
007 ta
008 220917b |||||||| |||| 00| 0 eng d
024 _a44,434
037 _cTextual
040 _aARTS
_cARTS
_beng
041 _2eng
_aeng
082 _aO5923,3M92,1, 111K1
100 _aAndric Ivo
_964502
245 0 _aBosnian story tr by Kennenth Johnstone
260 _aLondon
_bLincolns-Prager UK
_c1961
300 _a462p.
_ccm.
650 _aENGLISH LITERATURE
942 _hO5923,3M92,1, 111K1
_cTEXL
_2CC
999 _c175095
_d175095